Communication systems / (Record no. 175871)
[ view plain ]
| 000 -LEADER | |
|---|---|
| fixed length control field | 01141 a2200241 4500 |
| 003 - CONTROL NUMBER IDENTIFIER | |
| control field | Nust |
| 005 - DATE AND TIME OF LATEST TRANSACTION | |
| control field | 20230901092702.0 |
| 010 ## - LIBRARY OF CONGRESS CONTROL NUMBER | |
| LC control number | 2005049937 |
| 020 ## - INTERNATIONAL STANDARD BOOK NUMBER | |
| Terms of availability | 0387254811 (alk. paper) |
| 020 ## - INTERNATIONAL STANDARD BOOK NUMBER | |
| Terms of availability | 0387270973 (e-book) |
| 040 ## - CATALOGING SOURCE | |
| Transcribing agency | Nust |
| 082 00 - DEWEY DECIMAL CLASSIFICATION NUMBER | |
| Classification number | 621.382,ALE |
| 100 1# - MAIN ENTRY--PERSONAL NAME | |
| Personal name | Alencar, Marcelo S., |
| 9 (RLIN) | 97101 |
| 245 10 - TITLE STATEMENT | |
| Title | Communication systems / |
| Statement of responsibility, etc. | Marcelo S. Alencar, Valdemar C. da Rocha, Jr. |
| 260 ## - PUBLICATION, DISTRIBUTION, ETC. | |
| Place of publication, distribution, etc. | New York : |
| Name of publisher, distributor, etc. | Springer, |
| Date of publication, distribution, etc. | c2005. |
| 300 ## - PHYSICAL DESCRIPTION | |
| Extent | xii, 416 p. : |
| Other physical details | ill. ; |
| Dimensions | 24 cm. |
| 505 ## - FORMATTED CONTENTS NOTE | |
| Formatted contents note | Signal Analysis (Page-1), Probability theory and Random Processes (Page-41), Speech Coding (Page-99), Amplitude Modulation (Page-141), Quadrature Amplitude Modulation (Page-171), Angle Modulation (Page-197), Propagation Channels (Page-225), Aarrier Transmission (Page-257), Mobile Ceellular Telephony (Page-279), |
| 650 #0 - SUBJECT ADDED ENTRY--TOPICAL TERM | |
| Topical term or geographic name entry element | Telecommunication Engineering. |
| 700 1# - ADDED ENTRY--PERSONAL NAME | |
| Personal name | Rocha, Valdemar C. da, |
| Dates associated with a name | 1947- |
| 9 (RLIN) | 97102 |
| 856 42 - ELECTRONIC LOCATION AND ACCESS | |
| Materials specified | Publisher description |
| Uniform Resource Identifier | <a href="http://www.loc.gov/catdir/enhancements/fy0663/2005049937-d.html">http://www.loc.gov/catdir/enhancements/fy0663/2005049937-d.html</a> |
| 856 42 - ELECTRONIC LOCATION AND ACCESS | |
| Materials specified | Table of contents only |
| Uniform Resource Identifier | <a href="http://www.loc.gov/catdir/enhancements/fy0823/2005049937-t.html">http://www.loc.gov/catdir/enhancements/fy0823/2005049937-t.html</a> |
| 942 ## - ADDED ENTRY ELEMENTS (KOHA) | |
| Koha item type | Reference |
| Source of classification or shelving scheme | |
| Withdrawn status | Lost status | Source of classification or shelving scheme | Damaged status | Not for loan | Permanent Location | Current Location | Shelving location | Date acquired | Full call number | Barcode | Date last seen | Price effective from | Koha item type | Public note |
|---|---|---|---|---|---|---|---|---|---|---|---|---|---|---|
| Military College of Signals (MCS) | Military College of Signals (MCS) | Reference | 12/12/2016 | 621.382,ALE | MCS32506 | 12/08/2016 | 12/12/2016 | Reference | Almirah No.21, Shelf No.5 |
